| 000 | 00665cam a2200205 a 4500 | ||
|---|---|---|---|
| 001 | 000003838 | ||
| 005 | 20200929150605.0 | ||
| 008 | 740212s1951 nyu 000 1 eng | ||
| 040 |
_aDO-SdBNP _bspa _cBNPHU |
||
| 082 |
_a823.914 _bC785c |
||
| 100 | 1 |
_aCoppard, A. E. _q(Alfred Edgar), _d1878-1957. _911611 |
|
| 245 | 1 | 4 |
_aThe collected tales of A. E. Coppard / _ceditor Alfred A Knopf. |
| 260 |
_aNew York : _bAlfred A Knopf, _c1951. |
||
| 300 |
_aviii, 532 p. ; _c22 cm. |
||
| 650 | 4 |
_aCuentos ingleses _9497 |
|
| 650 | 4 |
_aCuentos ingleses _xColecciones _911612 |
|
| 650 | 4 |
_aLiteratura inglesa _9498 |
|
| 700 | 1 |
_aKnopf, Alfred A., _eed. _911613 |
|
| 049 | _aEn proceso | ||
| 999 |
_c3660 _d3660 |
||